Quiz sur la musique francophone VOL2 - Statistiques

Statistiques générales
  • Ce quiz a été pris 45 fois
  • Le résultat moyen est 8 sur 15
Statistiques - réponses
Question Réponse % Correct
Qui interprète "L'aigle noir"? Barbara
88%
Qui chante "Ecris l'histoire"? Grégory Lemarchal
86%
Qui n'a jamais été membre du jury de The Voice France? Patrick Bruel
83%
Quels sont les tubes de Aya Nakamura? Copines / Doudou / Comportement
81%
Quels artistes étaient dans la troupe de la comédie musicale "Notre Dame de Paris" de 1998? Garou / Hélène Ségara / Patrick Fiori / Julie Zenatti
79%
Qui sont les Vieilles Canailles? Eddy Mitchell / Jacques Dutronc / Johnny Hallyday
69%
Quelle chanteuse a eu une relation avec Gabriel Attal, ancien 1er ministre? Joyce Jonathan
69%
Quels artistes n'ont jamais enregistré un album en duo? Pascal Obispo & Zazie
60%
Quel titre d'album n'est pas dans la discographie de Louane? Sur mes gardes
45%
Quelle chanson Damso dédie à son fils Lior? Deux toiles de mer
40%
Lequel n'est pas un titre d'album d'Orelsan? Le vol des colombes
36%
Quel artiste n'a jamais eu de carrière sportive? Anggun
31%
Quel est le vrai nom de Christine and The Queens? Héloïse Letissier
29%
Complète "Désenchantée" de Mylène Farmer": Qui pourrait m'empêcher De tout entendre Quand la raison s'effondre A quel sein se vouer Qui peut prétendre ... Nous bercer dans son ventre
26%
Quels sont les titres d'albums de Patricia Kaas? Je te dis vous / Dans ma chair / Kabaret
17%
Aucun quiz correspondant
Distribution des résultats
% des personnes avec chaque résultat
Percentile par nombre de réponses
Votre historique - résultats
Vous n’avez pas pris ce quiz